[Event "Titled Tuesday intern op 18th Jul Late"]
[Site "Chess.com INT"]
[Date "2023.07.18"]
[Round "3"]
[White "Freile Martin, Javier"]
[Black "Golubovskis, Maksims"]
[Result "1-0"]
[WhiteElo "2329"]
[BlackElo "2176"]
[PlyCount "89"]
[EventDate "2023.07.18"]
[EventType "swiss (blitz)"]
[EventRounds "11"]
[EventCountry "USA"]
[SourceTitle "EXT 2024"]
[Source "ChessBase"]
[SourceDate "2023.10.10"]
[SourceVersion "1"]
[SourceVersionDate "2023.10.10"]
[SourceQuality "1"]

1. c4 Nf6 2. Nc3 c5 3. Nf3 Nc6 4. e3 g6 5. d4 cxd4 6. exd4 d5 7. cxd5 Nxd5 8. Qb3 Nxc3 9. bxc3 Bg7 10. Be2 0-0 11. 0-0 b6 12. Re1 Bb7 13. Bf4 Rc8 14. Rac1 Na5 15. Qb1 Qd5 16. Bf1 e6 17. Be5 Bh6 18. Rc2 Nc4 19. Bxc4 Qxc4 20. h4 Bxf3 21. gxf3 Qd3 22. Qd1 Qf5 23. Re4 Rc4 24. Kg2 Rfc8 25. Qd3 b5 26. d5 exd5 27. Qxd5 R4c5 28. Qd4 b4 29. c4 a5 30. Bf6 a4 31. Rce2 Bf8 32. Re8 Rxc4 33. Rxf8+ Kxf8 34. Qd6+ Kg8 35. Re7 R4c6 36. Qxc6 h6 37. Re8+ Kh7 38. Qxc8 Qxf6 39. Rf8 b3 40. Qe8 Kg7 41. Rg8+ Kh7 42. axb3 axb3 43. Rf8 Kg7 44. Qb8 h5 45. Rh8 1-0

[Event "Titled Tuesday intern op 18th Jul Late"]
[Site "Chess.com INT"]
[Date "2023.07.18"]
[Round "1"]
[White "Lye, Sverre"]
[Black "Golubovskis, Maksims"]
[Result "0-1"]
[WhiteElo "2107"]
[BlackElo "2176"]
[PlyCount "40"]
[EventDate "2023.07.18"]
[EventType "swiss (blitz)"]
[EventRounds "11"]
[EventCountry "USA"]
[SourceTitle "EXT 2024"]
[Source "ChessBase"]
[SourceDate "2023.10.10"]
[SourceVersion "1"]
[SourceVersionDate "2023.10.10"]
[SourceQuality "1"]

1. e4 c5 2. Nf3 Nf6 3. Nc3 Nc6 4. Bc4 e6 5. 0-0 d5 6. exd5 exd5 7. Re1+ Be7 8. Bb5 0-0 9. d4 Bg4 10. Bxc6 bxc6 11. dxc5 Bxc5 12. h3 Bh5 13. Bg5 Qd6 14. Na4 Ne4 15. Nxc5 Nxg5 16. Nb7 Qf4 17. Re3 Bxf3 18. gxf3 Nxh3+ 19. Kg2 Qh4 20. Qg1 Nxg1 0-1

[Event "Tallin Keres Memorial Rapid 32nd"]
[Site "Tallinn"]
[Date "2023.01.08"]
[Round "10"]
[White "Fridman, Daniel"]
[Black "Golubovskis, Maksims"]
[Result "1-0"]
[WhiteElo "2595"]
[BlackElo "2176"]
[PlyCount "51"]
[EventDate "2023.01.07"]
[EventType "swiss (rapid)"]
[EventRounds "11"]
[EventCountry "EST"]
[SourceTitle "CBM 212 Extra"]
[Source "ChessBase"]
[SourceDate "2023.03.31"]
[SourceVersion "1"]
[SourceVersionDate "2023.03.31"]
[SourceQuality "1"]

1. Nf3 Nf6 2. g3 c5 3. Bg2 g6 4. c3 Bg7 5. d4 cxd4 6. cxd4 0-0 7. Nc3 d5 8. Ne5 Nc6 9. 0-0 Bf5 10. b3 Rc8 11. Bb2 Qd6 12. Nb5 Qb4 13. a4 Na5 14. Ba3 Qxb3 15. Bxe7 Rfe8 16. Bxf6 Bxf6 17. Nd6 Bxe5 18. dxe5 Rxe5 19. Nxc8 Bxc8 20. Qd4 Nc6 21. Qd2 Be6 22. e3 Qb6 23. a5 Qc7 24. a6 bxa6 25. Rfc1 Bd7 26. Bxd5 1-0

[Event "Tallin Keres Memorial Rapid 32nd"]
[Site "Tallinn"]
[Date "2023.01.07"]
[Round "6"]
[White "Golubovskis, Maksims"]
[Black "Seeman, Tarvo"]
[Result "1-0"]
[WhiteElo "2176"]
[BlackElo "2408"]
[PlyCount "151"]
[EventDate "2023.01.07"]
[EventType "swiss (rapid)"]
[EventRounds "11"]
[EventCountry "EST"]
[SourceTitle "CBM 212 Extra"]
[Source "ChessBase"]
[SourceDate "2023.03.31"]
[SourceVersion "1"]
[SourceVersionDate "2023.03.31"]
[SourceQuality "1"]

1. e4 c5 2. Nf3 e6 3. d4 cxd4 4. Nxd4 Nc6 5. Nc3 d6 6. Be2 Nf6 7. 0-0 Be7 8. Be3 Bd7 9. Nb3 a6 10. f4 b5 11. a3 0-0 12. g4 Bc8 13. g5 Nd7 14. Qe1 b4 15. axb4 Nxb4 16. Qd2 Rb8 17. h4 Qc7 18. h5 d5 19. exd5 exd5 20. h6 Nc5 21. hxg7 Re8 22. Nd4 Ne4 23. Nxe4 dxe4 24. c4 Bxg5 25. Rf2 Bf6 26. Kh1 Nd3 27. Bxd3 exd3 28. Qxd3 Bb7+ 29. Kg1 Rbd8 30. Rd1 Be4 31. Qf1 Ba8 32. Nf5 Qc6 33. Kh2 Qe4 34. Rxd8 Rxd8 35. Nh6+ Kxg7 36. Ng4 Bh4 37. Re2 h5 38. Bd2 Qc6 39. Bc3+ Kf8 40. Ne5 Qe6 41. Qg1 Qf5 42. Bb4+ Be7 43. Bxe7+ Kxe7 44. Qc5+ Kf6 45. Qb6+ Kg7 46. Qxd8 Qxf4+ 47. Kg1 Qc1+ 48. Kf2 Qf4+ 49. Ke1 Be4 50. Qd4 Qc1+ 51. Kf2 Qf4+ 52. Ke1 Qc1+ 53. Qd1 Qf4 54. Nd3 Qh4+ 55. Kd2 Qg5+ 56. Re3 Bg6 57. Qe1 h4 58. Kc3 a5 59. Re7 Kh7 60. Qe5 Qg4 61. Qf4 Qh3 62. Rxf7+ Bxf7 63. Qxf7+ Kh6 64. Qf6+ Kh5 65. Kd4 Qg3 66. c5 h3 67. Nf4+ Kg4 68. Nxh3 Kxh3 69. c6 a4 70. Kd5 Qd3+ 71. Kc5 a3 72. bxa3 Qxa3+ 73. Kd5 Qd3+ 74. Ke6 Kg4 75. Ke7 Qc3 76. Qxc3 1-0

[Event "Titled Tuesday intern op 03rd Jan Early"]
[Site "Chess.com INT"]
[Date "2023.01.03"]
[Round "3"]
[White "Golubovskis, Maksims"]
[Black "Guzman, Christopher"]
[Result "0-1"]
[WhiteElo "2176"]
[BlackElo "2250"]
[PlyCount "86"]
[EventDate "2023.01.03"]
[EventType "swiss (blitz)"]
[EventRounds "11"]
[EventCountry "USA"]
[SourceTitle "EXT 2024"]
[Source "ChessBase"]
[SourceDate "2023.10.10"]
[SourceVersion "1"]
[SourceVersionDate "2023.10.10"]
[SourceQuality "1"]

1. d4 Nf6 2. c4 e6 3. Nc3 Bb4 4. e3 0-0 5. Bd3 b6 6. Nge2 Bb7 7. 0-0 Re8 8. a3 Bf8 9. e4 d6 10. Bg5 h6 11. Bh4 Be7 12. Bg3 Nh5 13. Qd2 Nxg3 14. hxg3 a5 15. f4 Nc6 16. d5 Nb8 17. Nd4 Bc8 18. Rae1 Bf6 19. e5 dxe5 20. fxe5 Bg5 21. Qf2 Qe7 22. d6 cxd6 23. exd6 Qd7 24. Ndb5 Na6 25. Qxb6 Bb7 26. Ne4 Reb8 27. Qd4 Bd8 28. Kh1 Bc6 29. Qe5 f6 30. Qh5 f5 31. Nec3 Nc5 32. Bc2 Bf6 33. g4 Ne4 34. Bxe4 fxe4 35. Nxe4 Bxe4 36. Rxe4 Rc8 37. Qg6 Qf7 38. Qxf7+ Kxf7 39. Rf2 Rc6 40. Nc7 Rc8 41. Nxe6 Rxd6 42. Nf4 Rdc6 43. b3 a4 0-1

[Event "Olympiad-44"]
[Site "Chennai"]
[Date "2022.08.09"]
[Round "11.4"]
[White "Bosiocic, Marin"]
[Black "Golubovskis, Maksims"]
[Result "1-0"]
[WhiteElo "2549"]
[BlackElo "2219"]
[PlyCount "67"]
[EventDate "2022.07.29"]
[EventType "team-swiss"]
[EventRounds "11"]
[EventCountry "IND"]
[SourceTitle "CBM 210"]
[Source "ChessBase"]
[SourceDate "2022.10.31"]
[SourceVersion "1"]
[SourceVersionDate "2022.10.31"]
[SourceQuality "1"]
[WhiteTeam "Croatia"]
[BlackTeam "Latvia"]
[WhiteTeamCountry "CRO"]
[BlackTeamCountry "LAT"]

1. Nf3 Nf6 2. g3 e6 3. Bg2 d5 4. 0-0 Be7 5. c4 0-0 6. b3 c5 7. cxd5 exd5 8. d4 Nc6 9. Bb2 Be6 10. Nc3 Rc8 11. dxc5 Bxc5 12. Ng5 Qe7 13. Nxe6 fxe6 14. Bh3 Rcd8 15. Na4 Bd6 16. Rc1 Ne4 17. Bg2 Nc5 18. Nxc5 Bxc5 19. Bh3 Bb6 20. Rc3 e5 21. Rf3 e4 22. Rxf8+ Kxf8 23. e3 d4 24. Qh5 Kg8 25. Bf5 g6 26. Qg4 Ne5 27. Be6+ Kg7 28. Qxe4 Qxe6 29. exd4 Nf3+ 30. Qxf3 Bxd4 31. Rd1 Qe5 32. Qf4 Bxf2+ 33. Qxf2 Rxd1+ 34. Kg2 1-0

[Event "Titled Tuesday intern op 12th Jul Early"]
[Site "Chess.com INT"]
[Date "2022.07.12"]
[Round "8"]
[White "Golubovskis, Maksims"]
[Black "Bogaudinov, Rushan"]
[Result "0-1"]
[WhiteElo "2219"]
[BlackElo "2023"]
[PlyCount "102"]
[EventDate "2022.07.12"]
[EventType "swiss (blitz)"]
[EventRounds "11"]
[EventCountry "USA"]
[SourceTitle "EXT 2023"]
[Source "ChessBase"]
[SourceDate "2022.10.05"]
[SourceVersion "1"]
[SourceVersionDate "2022.10.05"]
[SourceQuality "1"]

1. e4 c5 2. Nf3 d6 3. d4 cxd4 4. Nxd4 Nf6 5. Nc3 a6 6. h3 g6 7. g4 Bg7 8. Bg2 h5 9. g5 Nfd7 10. h4 Nc6 11. Be3 0-0 12. 0-0 Nde5 13. f3 Nc4 14. Nxc6 bxc6 15. Bc1 Nxb2 16. Qe1 Nc4 17. Rb1 Qa5 18. Ne2 Qxa2 19. Rb4 a5 20. Rb3 Qxc2 21. Qd1 Qxd1 22. Rxd1 Ba6 23. Nd4 a4 24. Rb1 Rfc8 25. f4 a3 26. e5 d5 27. e6 a2 28. Ra1 c5 29. exf7+ Kh7 30. Bxd5 Bxd4+ 31. Rxd4 cxd4 32. Bxa8 Rxa8 33. Rxa2 Kg7 34. Ra4 Nb6 35. Rxd4 Kxf7 36. Ba3 Nc4 37. Bc5 Rc8 38. Bb4 Bb7 39. Rd7 Bd5 40. Rxe7+ Kg8 41. Rd7 Bf7 42. Rd4 Ne3 43. Be7 Nf5 44. Rd1 Nxe7 45. Re1 Nf5 46. Rd1 Kg7 47. Kf2 Nxh4 48. Kg3 Nf5+ 49. Kf3 Rc3+ 50. Ke4 h4 51. Rg1 Re3# 0-1

[Event "Titled Tuesday intern op 12th Jul Early"]
[Site "Chess.com INT"]
[Date "2022.07.12"]
[Round "10"]
[White "Golubovskis, Maksims"]
[Black "Lopez Idarraga, Daniel Eduardo"]
[Result "0-1"]
[WhiteElo "2219"]
[BlackElo "2018"]
[PlyCount "52"]
[EventDate "2022.07.12"]
[EventType "swiss (blitz)"]
[EventRounds "11"]
[EventCountry "USA"]
[SourceTitle "EXT 2023"]
[Source "ChessBase"]
[SourceDate "2022.10.05"]
[SourceVersion "1"]
[SourceVersionDate "2022.10.05"]
[SourceQuality "1"]

1. e4 c5 2. Nf3 e6 3. d4 cxd4 4. Nxd4 Nf6 5. Nc3 Nc6 6. Ndb5 Bb4 7. a3 Bxc3+ 8. Nxc3 d5 9. exd5 exd5 10. Bd3 0-0 11. 0-0 d4 12. Ne2 Bg4 13. f3 Bh5 14. Nf4 Bg6 15. Nxg6 hxg6 16. Bf4 Nd5 17. Qd2 Re8 18. Rfe1 Qb6 19. b3 Nxf4 20. Qxf4 Re3 21. Rxe3 dxe3 22. Re1 Re8 23. Be4 e2+ 24. Kh1 Qf2 25. Qd2 Qf1+ 26. Rxf1 exf1Q# 0-1

[Event "Titled Tuesday intern op 12th Jul Early"]
[Site "Chess.com INT"]
[Date "2022.07.12"]
[Round "6"]
[White "Golubovskis, Maksims"]
[Black "Ulasevich, Sergei"]
[Result "1-0"]
[WhiteElo "2219"]
[BlackElo "2217"]
[PlyCount "61"]
[EventDate "2022.07.12"]
[EventType "swiss (blitz)"]
[EventRounds "11"]
[EventCountry "USA"]
[SourceTitle "EXT 2023"]
[Source "ChessBase"]
[SourceDate "2022.10.05"]
[SourceVersion "1"]
[SourceVersionDate "2022.10.05"]
[SourceQuality "1"]

1. e4 d5 2. exd5 Qxd5 3. Nc3 Qa5 4. d4 c6 5. Nf3 Nf6 6. Bc4 Bf5 7. Ne5 e6 8. 0-0 Nbd7 9. Nxd7 Nxd7 10. g4 Bg6 11. f4 0-0-0 12. Qe2 h5 13. f5 exf5 14. g5 Bd6 15. Bd2 Qc7 16. Rae1 h4 17. Bd3 f6 18. Bxf5 Bxf5 19. Rxf5 g6 20. Rff1 fxg5 21. Bxg5 Rdg8 22. Rf7 Qb6 23. Qg4 Qc7 24. Ne4 Bxh2+ 25. Kh1 Bg3 26. Nc5 Rd8 27. Bxd8 Rxd8 28. Ree7 Qa5 29. Nxd7 Qd5+ 30. Kg1 Qxd4+ 31. Qxd4 1-0

[Event "Titled Tuesday intern op 12th Jul Early"]
[Site "Chess.com INT"]
[Date "2022.07.12"]
[Round "7"]
[White "Molina, Roberto Junio Brito"]
[Black "Golubovskis, Maksims"]
[Result "1-0"]
[WhiteElo "2400"]
[BlackElo "2219"]
[PlyCount "65"]
[EventDate "2022.07.12"]
[EventType "swiss (blitz)"]
[EventRounds "11"]
[EventCountry "USA"]
[SourceTitle "EXT 2023"]
[Source "ChessBase"]
[SourceDate "2022.10.05"]
[SourceVersion "1"]
[SourceVersionDate "2022.10.05"]
[SourceQuality "1"]

1. d4 Nf6 2. Nf3 e6 3. e3 b6 4. Bd3 Bb7 5. 0-0 c5 6. Qe2 d5 7. b3 Be7 8. Bb2 0-0 9. Nbd2 Nc6 10. a3 Rc8 11. Ne5 Nd7 12. f4 f5 13. c4 Ndxe5 14. dxe5 Qd7 15. Rad1 Rcd8 16. cxd5 exd5 17. e4 fxe4 18. Nxe4 Qe6 19. f5 Qh6 20. Bc1 Qh4 21. Rf4 dxe4 22. Bc4+ Kh8 23. Rxh4 Bxh4 24. Rxd8 Rxd8 25. Bb2 Nd4 26. Qg4 Be7 27. a4 e3 28. Bc3 a6 29. f6 gxf6 30. Bxd4 cxd4 31. Qe6 e2 32. Bxe2 Rc8 33. Qxe7 1-0

[Event "Titled Tuesday intern op 12th Jul Early"]
[Site "Chess.com INT"]
[Date "2022.07.12"]
[Round "5"]
[White "Shipov, Sergei"]
[Black "Golubovskis, Maksims"]
[Result "1-0"]
[WhiteElo "2541"]
[BlackElo "2219"]
[PlyCount "61"]
[EventDate "2022.07.12"]
[EventType "swiss (blitz)"]
[EventRounds "11"]
[EventCountry "USA"]
[SourceTitle "EXT 2023"]
[Source "ChessBase"]
[SourceDate "2022.10.05"]
[SourceVersion "1"]
[SourceVersionDate "2022.10.05"]
[SourceQuality "1"]

1. d4 Nf6 2. c4 e6 3. Nc3 Bb4 4. Qc2 d5 5. a3 Bxc3+ 6. Qxc3 c5 7. dxc5 d4 8. Qc2 Nc6 9. b4 e5 10. e4 0-0 11. Bd3 a5 12. Rb1 Ne7 13. Ne2 Ng6 14. 0-0 axb4 15. axb4 Be6 16. h3 Nh5 17. Kh2 Qd7 18. Bd2 Nh4 19. f4 f5 20. fxe5 fxe4 21. Bxe4 h6 22. b5 Qc7 23. g3 Qxe5 24. Nf4 d3 25. Qxd3 Rad8 26. Bd5 Bxd5 27. Nxd5 Nf5 28. Rbe1 Qxg3+ 29. Qxg3 Nfxg3 30. Rxf8+ Rxf8 31. Kg2 1-0

[Event "Titled Tuesday intern op 05th Jul Early"]
[Site "Chess.com INT"]
[Date "2022.07.05"]
[Round "3"]
[White "Esipenko, Andrey"]
[Black "Golubovskis, Maksims"]
[Result "0-1"]
[WhiteElo "2682"]
[BlackElo "2219"]
[PlyCount "92"]
[EventDate "2022.07.05"]
[EventType "swiss (blitz)"]
[EventRounds "11"]
[EventCountry "USA"]
[SourceTitle "CBM 209 Extra"]
[Source "ChessBase"]
[SourceDate "2022.09.30"]
[SourceVersion "1"]
[SourceVersionDate "2022.09.30"]
[SourceQuality "1"]

1. b4 e5 2. Bb2 Nf6 3. Bxe5 Bxb4 4. e3 0-0 5. Nf3 d5 6. Be2 Re8 7. Bb2 c6 8. 0-0 Bg4 9. h3 Bh5 10. c4 Bxf3 11. gxf3 dxc4 12. Bxc4 Nbd7 13. f4 b5 14. Be2 a6 15. Bf3 Rc8 16. Nc3 Nb6 17. d3 Qd7 18. Bg2 Red8 19. Qb3 Bxc3 20. Bxc3 Qxd3 21. Rad1 Qc4 22. Qa3 Nbd5 23. Be5 b4 24. Qa4 Qb5 25. Qc2 c5 26. Rd2 c4 27. Rfd1 c3 28. Rd4 Qa5 29. Bxf6 Nxf6 30. e4 Rxd4 31. Rxd4 Qc5 32. Rd1 Nh5 33. f5 Nf4 34. Bf1 a5 35. Kh2 Qe5 36. Kg1 g6 37. fxg6 hxg6 38. Rd7 Qe6 39. Ra7 Rc5 40. Qd1 Rc8 41. Ra6 Nxh3+ 42. Kh2 Nxf2 43. Qf3 Qe5+ 44. Kg1 c2 45. Ra7 Rc7 46. Ra8+ Kg7 0-1

[Event "Titled Tuesday intern op 05th Jul Early"]
[Site "Chess.com INT"]
[Date "2022.07.05"]
[Round "2"]
[White "Golubovskis, Maksims"]
[Black "Bolanos, Fernando"]
[Result "1-0"]
[WhiteElo "2219"]
[BlackElo "2258"]
[PlyCount "61"]
[EventDate "2022.07.05"]
[EventType "swiss (blitz)"]
[EventRounds "11"]
[EventCountry "USA"]
[SourceTitle "CBM 209 Extra"]
[Source "ChessBase"]
[SourceDate "2022.09.30"]
[SourceVersion "1"]
[SourceVersionDate "2022.09.30"]
[SourceQuality "1"]

1. e4 c5 2. Nf3 Nc6 3. d4 cxd4 4. Nxd4 Nf6 5. Nc3 e6 6. Ndb5 d6 7. Bf4 e5 8. Bg5 a6 9. Na3 b5 10. Nd5 Be7 11. Bxf6 Bxf6 12. c3 0-0 13. Nc2 Rb8 14. g3 Bg5 15. Bg2 Be6 16. Nce3 Ne7 17. 0-0 Kh8 18. f4 Bh6 19. Kh1 exf4 20. gxf4 f5 21. exf5 Nxd5 22. Bxd5 Bxf5 23. Qd4 Qh4 24. Rae1 Bh3 25. Bg2 Rbe8 26. Bxh3 Qxh3 27. Ng2 Rxe1 28. Rxe1 Qd7 29. Qd5 Qf7 30. Qxf7 Rxf7 31. Re8+ 1-0

[Event "Titled Tuesday intern op 05th Jul Early"]
[Site "Chess.com INT"]
[Date "2022.07.05"]
[Round "9"]
[White "Golubovskis, Maksims"]
[Black "Guz, Ari"]
[Result "0-1"]
[WhiteElo "2219"]
[BlackElo "2331"]
[PlyCount "84"]
[EventDate "2022.07.05"]
[EventType "swiss (blitz)"]
[EventRounds "11"]
[EventCountry "USA"]
[SourceTitle "CBM 209 Extra"]
[Source "ChessBase"]
[SourceDate "2022.09.30"]
[SourceVersion "1"]
[SourceVersionDate "2022.09.30"]
[SourceQuality "1"]

1. e4 c5 2. Nf3 e6 3. d4 cxd4 4. Nxd4 a6 5. c4 Nf6 6. Nc3 Qc7 7. a3 Be7 8. Be2 0-0 9. 0-0 d6 10. Be3 b6 11. Rc1 Bb7 12. f3 Nbd7 13. b4 Rac8 14. Qd2 Qb8 15. Rfd1 Bd8 16. Nc2 Bc7 17. Bf4 Ne5 18. Ne3 d5 19. exd5 Nxf3+ 20. Bxf3 Bxf4 21. dxe6 Bxh2+ 22. Kh1 Bxf3 23. gxf3 Bf4 24. Ncd5 Nxd5 25. cxd5 Qe5 26. exf7+ Kxf7 27. Rxc8 Rxc8 28. Re1 Re8 29. d6 Qh5+ 30. Kg1 Qg5+ 31. Kf1 Bxe3 32. Rxe3 Qxe3 33. Qd5+ Qe6 34. Qb7+ Kg6 35. d7 Qe1+ 36. Kg2 Re2+ 37. Kh3 Qh1+ 38. Kg4 Qh5+ 39. Kf4 Qf5+ 40. Kg3 Qe5+ 41. Kh3 Rh2+ 42. Kg4 h5# 0-1

[Event "Titled Tuesday intern op 05th Jul Early"]
[Site "Chess.com INT"]
[Date "2022.07.05"]
[Round "5"]
[White "Madaminov, Mukhiddin"]
[Black "Golubovskis, Maksims"]
[Result "1-0"]
[WhiteElo "2408"]
[BlackElo "2219"]
[PlyCount "59"]
[EventDate "2022.07.05"]
[EventType "swiss (blitz)"]
[EventRounds "11"]
[EventCountry "USA"]
[SourceTitle "CBM 209 Extra"]
[Source "ChessBase"]
[SourceDate "2022.09.30"]
[SourceVersion "1"]
[SourceVersionDate "2022.09.30"]
[SourceQuality "1"]

1. d4 Nf6 2. Nc3 d5 3. Bf4 e6 4. Nb5 Na6 5. e3 Be7 6. Nf3 0-0 7. Bd3 c6 8. Nc3 c5 9. 0-0 Nb4 10. a3 Nxd3 11. cxd3 cxd4 12. Nxd4 Bd6 13. Nf3 Bxf4 14. exf4 Qd6 15. Qd2 b6 16. Rfe1 Ba6 17. d4 Rfe8 18. Ne5 Qxe5 19. fxe5 Nd7 20. Rac1 Rac8 21. f4 Nb8 22. Na2 Nc6 23. Rxc6 Rxc6 24. Nb4 Bb7 25. Nxc6 Bxc6 26. Rc1 Bb5 27. Rc7 a6 28. Qb4 Rf8 29. a4 Bd3 30. Qxb6 1-0

[Event "Titled Tuesday intern op 05th Jul Early"]
[Site "Chess.com INT"]
[Date "2022.07.05"]
[Round "6"]
[White "Tanenbaum, Zachary Chen"]
[Black "Golubovskis, Maksims"]
[Result "1-0"]
[WhiteElo "2168"]
[BlackElo "2219"]
[PlyCount "83"]
[EventDate "2022.07.05"]
[EventType "swiss (blitz)"]
[EventRounds "11"]
[EventCountry "USA"]
[SourceTitle "CBM 209 Extra"]
[Source "ChessBase"]
[SourceDate "2022.09.30"]
[SourceVersion "1"]
[SourceVersionDate "2022.09.30"]
[SourceQuality "1"]

1. e4 c5 2. Nf3 d6 3. d4 cxd4 4. Nxd4 Nf6 5. Nc3 a6 6. Be3 e5 7. Nb3 Be6 8. h3 Nbd7 9. g4 h6 10. Qd2 Qc7 11. 0-0-0 Rc8 12. Kb1 Be7 13. f4 b5 14. Nd5 Bxd5 15. exd5 Ne4 16. Qg2 exf4 17. Bxf4 Nec5 18. Nd4 0-0 19. Nc6 Bf6 20. h4 Na4 21. Bc1 Be5 22. g5 h5 23. g6 Nf6 24. Bd3 Nxd5 25. gxf7+ Rxf7 26. Nxe5 Ndc3+ 27. bxc3 Nxc3+ 28. Ka1 Qa5 29. a3 dxe5 30. Qg6 Nxd1 31. Qh7+ Kf8 32. Qh8+ Ke7 33. Qxc8 Qc3+ 34. Qxc3 Nxc3 35. Bb2 Na4 36. Bxe5 Ke6 37. Re1 Kd5 38. Bb2 Rf2 39. Re5+ Kd6 40. Rxh5 Rh2 41. Be5+ Ke6 42. Bxh2 1-0

[Event "Titled Tuesday intern op 28th Jun Early"]
[Site "Chess.com INT"]
[Date "2022.06.28"]
[Round "7"]
[White "Sarkar, Justin"]
[Black "Golubovskis, Maksims"]
[Result "0-1"]
[WhiteElo "2348"]
[BlackElo "2219"]
[PlyCount "68"]
[EventDate "2022.06.28"]
[EventType "swiss (blitz)"]
[EventRounds "11"]
[EventCountry "USA"]
[SourceTitle "CBM 209 Extra"]
[Source "ChessBase"]
[SourceDate "2022.09.30"]
[SourceVersion "1"]
[SourceVersionDate "2022.09.30"]
[SourceQuality "1"]

1. e4 c5 2. Nf3 Nf6 3. e5 Nd5 4. Nc3 Nxc3 5. dxc3 Nc6 6. Bf4 Qb6 7. b3 Qc7 8. Qd2 e6 9. Be2 h6 10. h4 b6 11. h5 Bb7 12. Rh3 0-0-0 13. 0-0-0 Be7 14. Kb2 Kb8 15. g4 a6 16. g5 hxg5 17. Bxg5 d5 18. Bxe7 Qxe7 19. h6 gxh6 20. Rxh6 d4 21. Rxh8 dxc3+ 22. Qxc3 Rxh8 23. Rd6 Ka7 24. Qd2 Rd8 25. Ng5 f6 26. Nxe6 Qxe6 27. Rxe6 Rxd2 28. exf6 Nd8 29. Re7 Rd6 30. f7 Rf6 31. Rd7 Nxf7 32. Bc4 Nd6 33. Bd5 Kb8 34. Bxb7 Nxb7 0-1

[Event "Titled Tuesday intern op 07th Jun Late"]
[Site "Chess.com INT"]
[Date "2022.06.07"]
[Round "8"]
[White "Golubovskis, Maksims"]
[Black "Leiva Rodriguez, Jeammarco Giuseppe"]
[Result "0-1"]
[WhiteElo "2219"]
[BlackElo "2389"]
[PlyCount "72"]
[EventDate "2022.06.07"]
[EventType "swiss (blitz)"]
[EventRounds "11"]
[EventCountry "USA"]
[SourceTitle "CBM 208 Extra"]
[Source "ChessBase"]
[SourceDate "2022.07.31"]
[SourceVersion "1"]
[SourceVersionDate "2022.07.31"]
[SourceQuality "1"]

1. e4 c5 2. Nf3 d6 3. d4 cxd4 4. Nxd4 Nf6 5. Nc3 a6 6. h3 e5 7. Nde2 h5 8. g3 Be6 9. Bg5 Be7 10. Bg2 b5 11. 0-0 Nbd7 12. Qd2 b4 13. Nd5 Nxd5 14. exd5 Bxg5 15. f4 Bxh3 16. Bxh3 exf4 17. gxf4 Bf6 18. Qxb4 Qb6+ 19. Qxb6 Nxb6 20. Rab1 Rb8 21. Ng3 Nxd5 22. Ne4 Bd4+ 23. Kh1 Ne3 24. Nxd6+ Ke7 25. Nf5+ Nxf5 26. Bxf5 Kf6 27. Bd3 Bxb2 28. Bxa6 Rb4 29. Bd3 Ra8 30. Rf2 Rd8 31. Kg2 Rdd4 32. f5 Rg4+ 33. Kf3 Rgf4+ 34. Kg3 Rxf2 35. Rxb2 Rxb2 36. Kxf2 Rxa2 0-1

[Event "Titled Tuesday intern op 07th Jun Late"]
[Site "Chess.com INT"]
[Date "2022.06.07"]
[Round "11"]
[White "Golubovskis, Maksims"]
[Black "Rustemov, Alexander"]
[Result "1-0"]
[WhiteElo "2219"]
[BlackElo "2525"]
[PlyCount "111"]
[EventDate "2022.06.07"]
[EventType "swiss (blitz)"]
[EventRounds "11"]
[EventCountry "USA"]
[SourceTitle "CBM 208 Extra"]
[Source "ChessBase"]
[SourceDate "2022.07.31"]
[SourceVersion "1"]
[SourceVersionDate "2022.07.31"]
[SourceQuality "1"]

1. e4 e6 2. d4 d5 3. Nc3 Bb4 4. e5 c5 5. a3 Bxc3+ 6. bxc3 Ne7 7. Qg4 0-0 8. Nf3 Nbc6 9. Bd3 Qa5 10. Bd2 f5 11. exf6 Rxf6 12. Qh4 Nf5 13. Qh5 c4 14. Be2 Bd7 15. g4 Nd6 16. Ne5 Be8 17. Qh4 Ne4 18. f3 Nxd2 19. Kxd2 Nxd4 20. g5 Rf5 21. Qxd4 Bh5 22. f4 Bxe2 23. Kxe2 Raf8 24. Rhf1 Qa4 25. Kd2 b6 26. h4 Qe8 27. Qe3 Qh5 28. Qg3 Qe8 29. a4 a6 30. Qe3 Qd8 31. Rab1 b5 32. axb5 axb5 33. Rxb5 Qc7 34. Rbb1 Kh8 35. Qb6 Qd8 36. Qxd8 Rxd8 37. Ke3 Rdf8 38. Nd7 Rd8 39. Nc5 Re8 40. Kd4 Rxf4+ 41. Rxf4 e5+ 42. Kxd5 exf4 43. Rf1 Rf8 44. Ne6 Ra8 45. Rxf4 Kg8 46. Rf8+ Rxf8 47. Nxf8 Kxf8 48. Kxc4 Kf7 49. Kd5 Kg6 50. c4 Kh5 51. c5 Kxh4 52. c6 Kxg5 53. c7 h5 54. c8Q Kf4 55. Qh3 g6 56. c4 1-0

[Event "Titled Tuesday intern op 07th Jun Late"]
[Site "Chess.com INT"]
[Date "2022.06.07"]
[Round "6"]
[White "Golubovskis, Maksims"]
[Black "Velikanov, Alexander"]
[Result "1-0"]
[WhiteElo "2219"]
[BlackElo "2337"]
[PlyCount "44"]
[EventDate "2022.06.07"]
[EventType "swiss (blitz)"]
[EventRounds "11"]
[EventCountry "USA"]
[SourceTitle "CBM 208 Extra"]
[Source "ChessBase"]
[SourceDate "2022.07.31"]
[SourceVersion "1"]
[SourceVersionDate "2022.07.31"]
[SourceQuality "1"]

1. e4 d6 2. d4 Nf6 3. Nc3 e5 4. Nf3 Nbd7 5. Bc4 Be7 6. a4 0-0 7. 0-0 a6 8. Re1 b6 9. h3 Bb7 10. Bg5 h6 11. Bh4 c6 12. Qd2 b5 13. axb5 axb5 14. Bb3 Qc7 15. dxe5 dxe5 16. Rad1 Nc5 17. Bg3 Nfd7 18. Nh4 b4 19. Na4 Bg5 20. Qd6 Nxa4 21. Qxc7 Bxh4 22. Bxh4 Ndc5 1-0

[Event "Titled Tuesday intern op 07th Jun Late"]
[Site "Chess.com INT"]
[Date "2022.06.07"]
[Round "7"]
[White "Maksimovic, Bojan"]
[Black "Golubovskis, Maksims"]
[Result "1-0"]
[WhiteElo "2453"]
[BlackElo "2219"]
[PlyCount "27"]
[EventDate "2022.06.07"]
[EventType "swiss (blitz)"]
[EventRounds "11"]
[EventCountry "USA"]
[SourceTitle "CBM 208 Extra"]
[Source "ChessBase"]
[SourceDate "2022.07.31"]
[SourceVersion "1"]
[SourceVersionDate "2022.07.31"]
[SourceQuality "1"]

1. c4 Nf6 2. Nc3 c5 3. g3 d5 4. cxd5 Nxd5 5. Bg2 Nc7 6. Nf3 Nc6 7. 0-0 e5 8. b3 Be7 9. Bb2 0-0 10. Rc1 b6 11. d3 f6 12. Nd2 Bb7 13. Nc4 Qd6 14. Nxd6 1-0